Дистанционное зондирование в изучении рудных и нефтегазовых районов Сибири; Проблемы геологии и освоения недр; Т. 1
| Parent link: | Проблемы геологии и освоения недр: труды XIX Международного симпозиума имени академика М. А. Усова студентов и молодых ученых, посвященного 70-летнему юбилею Победы советского народа над фашистской Германией, Томск, 6-10 апреля 2015 г./ Национальный исследовательский Томский политехнический университет (ТПУ), Институт природных ресурсов (ИПР) ; Общество инженеров-нефтяников, международная некоммерческая организация, Студенческий чаптер ; под ред. А. Ю. Дмитриева.— , 2015 Т. 1.— [С. 466-467] |
|---|---|
| Autore principale: | |
| Ente Autore: | |
| Riassunto: | Заглавие с экрана |
| Lingua: | russo |
| Pubblicazione: |
|
| Serie: | Космогеологические исследования |
| Soggetti: | |
| Accesso online: | http://earchive.tpu.ru/handle/11683/22671 http://www.lib.tpu.ru/fulltext/c/2015/C11/V1/210.pdf |
| Natura: | Elettronico Capitolo di libro |
| KOHA link: | https://koha.lib.tpu.ru/cgi-bin/koha/opac-detail.pl?biblionumber=614996 |
MARC
| LEADER | 00000naa2a2200000 4500 | ||
|---|---|---|---|
| 001 | 614996 | ||
| 005 | 20231219144429.0 | ||
| 035 | |a (RuTPU)RU\TPU\conf\13173 | ||
| 035 | |a RU\TPU\conf\13172 | ||
| 090 | |a 614996 | ||
| 100 | |a 20151021d2015 k y0rusy50 ca | ||
| 101 | 0 | |a rus | |
| 102 | |a RU | ||
| 105 | |a y z 100zy | ||
| 135 | |a drgn ---uucaa | ||
| 181 | 0 | |a i | |
| 182 | 0 | |a b | |
| 200 | 1 | |a Дистанционное зондирование в изучении рудных и нефтегазовых районов Сибири |f Ю. С. Ананьев | |
| 203 | |a Текст |c электронный | ||
| 225 | 1 | |a Космогеологические исследования | |
| 300 | |a Заглавие с экрана | ||
| 320 | |a [Библиогр.: с. 467 (4 назв.)] | ||
| 337 | |a Adobe Reader | ||
| 461 | 1 | |0 (RuTPU)RU\TPU\conf\12865 |t Проблемы геологии и освоения недр |o труды XIX Международного симпозиума имени академика М. А. Усова студентов и молодых ученых, посвященного 70-летнему юбилею Победы советского народа над фашистской Германией, Томск, 6-10 апреля 2015 г. |o в 2 т. |f Национальный исследовательский Томский политехнический университет (ТПУ), Институт природных ресурсов (ИПР) ; Общество инженеров-нефтяников, международная некоммерческая организация, Студенческий чаптер ; под ред. А. Ю. Дмитриева |d 2015 | |
| 463 | 1 | |0 (RuTPU)RU\TPU\conf\12868 |t Т. 1 |v [С. 466-467] | |
| 610 | 1 | |a труды учёных ТПУ | |
| 610 | 1 | |a электронный ресурс | |
| 610 | 1 | |a дистанционное зондирование | |
| 610 | 1 | |a рудные районы | |
| 610 | 1 | |a нефтегазовые районы | |
| 610 | 1 | |a Сибирь | |
| 700 | 1 | |a Ананьев |b Ю. С. |c российский геолог |c доцент Томского политехнического университета, кандидат геолого-минералогических наук |f 1966- |g Юрий Сергеевич |3 (RuTPU)RU\TPU\pers\26228 |9 12016 | |
| 712 | 0 | 2 | |a Национальный исследовательский Томский политехнический университет (ТПУ) |b Институт природных ресурсов (ИПР) |b Кафедра геологии и разведки полезных ископаемых (ГРПИ) |3 (RuTPU)RU\TPU\col\18660 |
| 801 | 2 | |a RU |b 63413507 |c 20210118 |g RCR | |
| 856 | 4 | |u http://earchive.tpu.ru/handle/11683/22671 | |
| 856 | 4 | |u http://www.lib.tpu.ru/fulltext/c/2015/C11/V1/210.pdf | |
| 942 | |c BK | ||